Sledovanie a riadenie ekonomiky počítačmi

Nástroje ekonomického informačného systému podniku. Nevyhnutnosť systémového usporiadania informácií na úrovni podniku, nosným pilierom účtovníctvo. Ekonomické hľadisko, bilančná metóda, kódový systém, komplexné hodnotové vzťahy podmienkou vypovedacej schopnosti systému na sledovanie a riadenie ekon...

Descrizione completa

Salvato in:
Dettagli Bibliografici
Autore principale: Chlachula, A.
Natura: Capitolo di libro
Lingua:slovacco
Soggetti:
Tags: Aggiungi Tag
Nessun Tag, puoi essere il primo ad aggiungerne!!

MARC

LEADER 00000naa a2200000 4500
001 r023980
005 20221213114832.7
041 0 |a slo 
044 |a SK 
245 1 0 |a Sledovanie a riadenie ekonomiky počítačmi  |c A. Chlachula 
520 |a Nástroje ekonomického informačného systému podniku. Nevyhnutnosť systémového usporiadania informácií na úrovni podniku, nosným pilierom účtovníctvo. Ekonomické hľadisko, bilančná metóda, kódový systém, komplexné hodnotové vzťahy podmienkou vypovedacej schopnosti systému na sledovanie a riadenie ekonomiky počítačmi. Metodológia zdokonaleného informačného systému. Ekonomicko-organizačný model informácií. Integrovaný informačný systém podniku. Viacúrovňový informačný systém. Počítačové výstupy v organizačnej a ekonomickej štruktúre. 
610 2 0 |a systémy informačné podnikové 
610 2 0 |a informácie vnútropodnikové 
610 2 0 |a informácie ekonomické 
610 2 0 |a účtovníctvo 
610 2 0 |a využitie počítačov 
610 2 0 |a modely organizačné 
610 2 0 |a systémy informačné integrované 
100 1 |a Chlachula, A.